Statistiques concernant Le Tour de Gaule d'Astérix - Villes et spécialités

Cliquez ici pour prendre le quiz!

Statistiques générales

  • Ce quiz a été pris 19 fois
  • Le résultat moyen est 13 sur 24

Statistiques - réponses

Réponse% Correct
Massilia (Marseille)
95%
Lugdunum (Lyon)
89%
Burdigala (Bordeaux)
84%
Lutèce (Paris)
84%
Vin
79%
Nicae (Nice)
74%
Tolosa (Toulouse)
74%
Camaracum (Cambrai)
68%
Bêtises
63%
Bouillabaisse
63%
Saucisse
63%
Saucisson
58%
Divodurum (Metz)
53%
Durocortorum (Reims)
53%
Gesocribate (Le Conquet, près de Brest)
47%
Jambon
42%
Rotomagus (Rouen)
42%
Champagne
32%
Huîtres
32%
La châtaigne !
26%
Quenelles
26%
Salade niçoise
26%
Aginnium (Agen)
21%
Pruneaux
16%

Distribution des résultats

Percentile par nombre de réponses

% des personnes avec chaque résultat

Votre développement - résultats

Vous n’avez pas pris ce quiz